| Поле | Инд. | ПП | Название | Значение |
|---|---|---|---|---|
| Тип записи | a | |||
| Библиографический уровень | b | |||
| 001 | Контрольный номер | RU/IS/BASE/202317981 | ||
| 005 | Дата корректировки | 20220715140351.7 | ||
| 008 | Кодируемые данные | 20060530 | ||
| 084 | a | Индекс другой классификации/Индекс ББК | 60.542.15-456; 60.561.3 | |
| 100 | 1_ | a | Автор | Прохода В. А. |
| q | Полное имя | Прохода Владимир Анатольевич | ||
| 100 | 1_ | a | Автор | Рязанцев В. В. |
| q | Полное имя | Рязанцев Вячеслав Викторович | ||
| 245 | a | Заглавие | Гражданская идентичность российской молодежи | |
| 504 | a | Библиография | Библиогр. ссылки. - Примеч. | |
| 650 | a | Основная рубрика | политическая социология | |
| a | Основная рубрика | социология | ||
| a | Основная рубрика | социология групп | ||
| 653 | a | Ключевые слова | гражданская идентичность | |
| a | Ключевые слова | гражданский статус | ||
| a | Ключевые слова | идентичность | ||
| a | Ключевые слова | молодежь | ||
| a | Ключевые слова | Россия | ||
| a | Ключевые слова | самоидентификация | ||
| 773 | t | Заглавие источника | Вестник Московского университета. Серия 18, Социология и политология | |
| d | Дата издания источника | 2006 | ||
| g | Прочая информация | № 1. - С. 24 - 40 : табл. | ||
| w | Контрольный № источника | RU/IS/BASE/199372887 | ||
| 901 | t | Тип документа | b |